| Tag |
First Indicator |
Second Indicator |
Subfields |
| LEADER |
00000cam a2200000Ia 4500 |
| 001 |
in00002745813 |
| 005 |
20151202151620.0 |
| 008 |
120306s2012 sp b 000 0 spa d |
| 020 |
|
|
|a 9788433925978
|
| 020 |
|
|
|a 8433925970
|
| 035 |
|
|
|a (OCoLC)ocn779876750
|
| 035 |
|
|
|a (OCoLC)ocm779876750
|
| 040 |
|
|
|a C3L
|c C3L
|d EMU
|d TXA
|d UtOrBLW
|
| 043 |
|
|
|a e-po---
|a e-sp---
|a nc-----
|a n-mx---
|a cl-----
|
| 045 |
|
|
|a x4x-
|
| 049 |
|
|
|a TXAM
|
| 050 |
|
4 |
|a PQ7085
|b .M39 2012
|
| 082 |
1 |
4 |
|a 076
|2 21
|
| 245 |
0 |
0 |
|a Mejor que ficción :
|b crónicas ejemplares /
|c edición a cargo de Jorge Carrión.
|
| 250 |
|
|
|a 1. ed.
|
| 264 |
|
1 |
|a Barcelona :
|b Anagrama,
|c 2012.
|
| 300 |
|
|
|a 434 pages ;
|c 22 cm.
|
| 336 |
|
|
|a text
|b txt
|2 rdacontent
|
| 337 |
|
|
|a unmediated
|b n
|2 rdamedia
|
| 338 |
|
|
|a volume
|b nc
|2 rdacarrier
|
| 490 |
1 |
|
|a Crónicas ;
|v 97
|
| 500 |
|
|
|a Collected articles by Spanish and Latinamerican authors.
|
| 504 |
|
|
|a "Diccionario abreviado de cronistas hispanoamericanos" / María Angulo, Jorge Carrión, Marco A. Cervantes, Diajanida Hernández (pages 405-432).
|
| 504 |
|
|
|a "Apéndice: antologías consultadas" (pages 432-434).
|
| 505 |
0 |
0 |
|t Arenas de Japón /
|r Juan Villoro --
|t El rastro de los huesos /
|r Leila Guerriero --
|t Fitzcarraldo en la meseta /
|r Jordi Costa --
|t El díler digital /
|r Alberto Fuguet --
|t El bufón de los velorios /
|r Alberto Salcedo Ramos --
|t La guerra en Estambul /
|r Juan Pablo Meneses --
|t Como perros /
|r Juanita León --
|t Cuando me muera quiero que me toquen cumbia /
|r Cristián Alarcón --
|t Fantasmas de Tánger /
|r Edgardo Cozarinsky --
|t Un año en la vida de Haití /
|r Maye Primera --
|t En familia (plaza Djemá el F'ná) /
|r María Moreno --
|t El cineasta invisible /
|r Julio Villanueva Chang --
|t Entrevista con la nueva especia humana /
|r Juan Gabriel Vásquez --
|t El teatro del crimen /
|r Fabrizio Mejía Madrid --
|t Las amapolas también tienen espinas /
|r Pedro Lemebel --
|t Punta de sal /
|r Jaime Bedoya --
|t Kafkalandia /
|r Rodrigo Fresán --
|t Grandes hits /
|r Guillem Martínez --
|t Consejos de un ama inflexible a una discípula turbada /
|r Gabriela Wiener --
|t Cenando con Nietzsche y Fidel el 12 de Enero de 2000 /
|r Edgardo Rodríguez Juliá --
|t Pole pole. De Zanzíbar a Tanganica /
|r Martín Caparrós.
|
| 650 |
|
0 |
|a Reportage literature, Spanish American.
|
| 650 |
|
0 |
|a Reportage literature, Spanish.
|
| 650 |
|
0 |
|a Journalism
|z Latin America.
|
| 650 |
|
0 |
|a Journalism
|z Spain.
|
| 700 |
1 |
|
|a Carrión, Jorge,
|d 1976-
|
| 830 |
|
0 |
|a Crónicas Anagrama ;
|v 97.
|
| 948 |
|
|
|a cataloged
|b h
|c 2012/3/22
|d c
|e ceaton
|f 10:34:42 am
|
| 994 |
|
|
|a C0
|b TXA
|
| 999 |
|
|
|a MARS
|
| 999 |
f |
f |
|s 51cd9c22-16da-3f5e-8c58-cf68939289e7
|i 49bd7165-89d6-358c-aacd-a3aaad6728aa
|t 0
|
| 952 |
f |
f |
|p normal
|a Texas A&M University
|b College Station
|c Sterling C. Evans Library
|d Evans: Library Stacks
|t 0
|e PQ7085 .M39 2012
|h Library of Congress classification
|i unmediated -- volume
|m A14841372332
|
| 998 |
f |
f |
|a PQ7085 .M39 2012
|t 0
|l Evans: Library Stacks
|